Представление документа в формате RUSMARC

ПолеНазваниеЗначение
  Тип записи a
  Библиографический уровень m
001 Контрольный номер RU/IS/BASE/300558682
005 Дата корректировки 20201206204644.2
010 Индекс ISBN __
a ISBN 978-5-09-017957-7
d Цена 200-00
101 Язык документа __
a Язык текста rus
200 Заглавие и сведения об ответственности 1_
a Заглавие Приключения великих уравнений
e Сведения, относящиеся к заглавию [для ст. шк. возраста]
f Первые сведения об ответственности В. П. Карцев ; ил. А. Ф. Карпова
b Общее обозначение материала Текст
210 Выходные данные __
a Место издания М.
c Издательство Просвещение
d Дата издания 2007
215 Физическое описание __
a Объем 176 с.
c Иллюстрации/тип воспроизводства ил.
225 Серия __
a Серия Твой кругозор
330 Аннотация __
a Аннотация Книга рассказывает о познании человеком электричества. Читатель встретиться с участниками кругосветных путешествий, узнает об электрических рыбах, об оживлении людей с помощью электричества и о других уникальных фактах и событиях.
606 Тематические рубрики __
a Основная рубрика Физика
606 Тематические рубрики __
a Основная рубрика Электричество и магнетизм в целом
610 Ключевые слова __
a Ключевые слова электричество; молнии; электродинамика
686 Индексы других классификаций __
a Классификационный индекс ст22.33
700 Автор _1
a Фамилия Карцев
b Имя В. П.
4 Код отношения 070
702 Вторичная интеллектуальная ответственность _1
a Фамилия Карпов
b Имя А. Ф.
4 Код отношения Художник
801 Источник записи _0
a Страна RU
b Организация Муниципальное бюджетное учреждение культуры "Централизованная библиотечная система" г. Сургут (Центральная городская библиотека им. А. С. Пушкина)
g Правила каталогизации КиК/Гришунина
801 Источник записи _1
a Страна RU
b Организация Муниципальное бюджетное учреждение культуры "Централизованная библиотечная система" г. Сургут (Центральная городская библиотека им. А. С. Пушкина)
g Правила каталогизации КиК/Гришунина
852 Данные о местонахождении __
j Шифр хранения ст22.33
c Каталожный индекс ст22.33
i Авторский знак К 27
901 Тип документа __
t Тип документа m
903 Характеристики (МАРС) __
a Дата передачи 20090730
990 Данные о заказе (DOS) __
j Количество экземпляров (DOS) 5
t N записи в КСУ для И/У (DOS) 200907